| 000 | 00856nam a22002775a 4500 | ||
|---|---|---|---|
| 001 | 015362253 | ||
| 003 | OSt | ||
| 005 | 20151015131826.0 | ||
| 008 | 090826t2010 nyua frb 001 0 eng d | ||
| 020 | _a9781848728813 (hbk.) | ||
| 020 | _a9781848728820 (pbk.) | ||
| 040 |
_aEG-ScBUE _beng _cEG-ScBUE |
||
| 082 | 0 | 4 |
_a320.019 _bINT _222 |
| 245 | 0 | 0 |
_aIntroduction to political psychology / _cMartha L. Cottam ... [et al.] |
| 250 | _a2nd ed. | ||
| 260 |
_aNew York ; _aHove : _bPsychology Press, _cc.2010. |
||
| 300 |
_axi, 404 p. : _bill. ; _c26 cm. |
||
| 500 | _aIncludes indexes. | ||
| 504 | _aBibliography : p. 345-394. | ||
| 650 | 0 |
_aPolitical psychology. _933747 _2BUEsh |
|
| 651 | _2BUEsh | ||
| 653 |
_bBUSBOL _cSeptember2013 _cOctober2015 |
||
| 655 |
_vReading book _934232 |
||
| 700 | 1 |
_aCottam, Martha L. _933748 |
|
| 942 |
_2ddc _cBB _k320.019 INT |
||
| 999 |
_c17551 _d17523 |
||